000 00828nam a2200253 i 4500
001 105700
003 ES-MaACL
005 20250607063025.0
007 t|
008 060808s1960 ag ||||0| spa d
040 _aM-BN
_bspa
_cM-BN
080 _a94(65)"1954/62"
100 1 _aCamus, Albert,
_d1913-1960
_9240798
245 1 0 _aProblemas de nuestra época
_b: crónica argelina /
_cAlbert Camus ; traducción de Alberto Luis Bixio.
260 _aBuenos Aires :
_bLosada,
_c[1960]
300 _a150 p ;
_c21 cm.
490 1 _aCristal del tiempo
500 _aBiblioteca Juan Andrade.
651 0 0 _aArgelia-
_xHistoria-
_y1954-1962, Revolución.
_97803
700 1 _aBixio, Alberto Luis.
_929037
830 0 _aCristal del tiempo
_9185072
852 _aES-MaACL
_jAND-513
_bR.109825
999 _c105700
_d105700